Investičné stratégie Číny v podmienkach krízy

Gespeichert in:
Bibliographische Detailangaben
1. Verfasser: Pauhofová, Iveta
Weitere Verfasser: Svocáková, Soňa
Format: Buch
Sprache:Slowakisch
Veröffentlicht: Bratislava Ekonomický ústav SAV 2015
Ausgabe:1. vyd.
Schlagworte:
Tags: Tag hinzufügen
Keine Tags, Fügen Sie das erste Tag hinzu!

MARC

LEADER 00000nlm a2200000 4500
001 0207024
005 20220905114924.5
020 |a 978-80-7144-244-8 
041 0 |a slo 
044 |a SK 
245 1 0 |a Investičné stratégie Číny v podmienkach krízy  |c Iveta Pauhofová, Soňa Svocáková 
250 |a 1. vyd. 
264 1 |a Bratislava  |b Ekonomický ústav SAV  |c 2015 
300 |a 135 s. 
610 2 0 |a kríza finančná 
610 2 0 |a investori 
610 2 0 |a stratégia investičná 
610 2 0 |a trh finančný 
610 2 0 |a krajiny vyspelé 
610 2 0 |a geopolitika 
610 2 0 |a záujmy ekonomické 
610 2 0 |a moc politická 
610 2 0 |a investície zahraničné 
610 2 0 |a politika hospodárska 
610 2 0 |a internacionalizácia 
610 2 0 |a mena 
610 2 0 |a partnerstvo strategické 
610 2 0 |a monografie 
610 2 0 |a Rusko 
610 2 0 |a Čína 
100 1 |a Pauhofová, Iveta 
700 1 |a Svocáková, Soňa